[Event "The Chicago Bears Tournament ! (Under 1600)"]
[Site "SchemingMind.com"]
[Date "2011.02.10"]
[Round "-"]
[White "Olli Ylönen"]
[Black "BigDaddy"]
[Result "1-0"]
[WhiteCountry "FIN"]
[BlackCountry "AUT"]
[WhiteElo "1669"]
[WhiteRD "50"]
[BlackElo "1346"]
[BlackRD "66"]
[GameID "275434"]

1. d4 Nf6 2. Nf3 d5 3. c4 e6 4. Nc3 dxc4 5. e4 c5 6. Bxc4 cxd4 7. Nxd4 Bb4 8. Qa4+ Bd7 9. Qxb4 Nc6 10. Nxc6 Bxc6
11. Bb5 Bxb5 12. Qxb5+ Qd7 13. Qxd7+ Nxd7 14. O-O O-O 15. Be3 Ne5 16. Rfd1 Ng4 17. Bc5 Rfc8 18. h3 Rxc5 19. hxg4 g6 20. f3 f5
21. gxf5 exf5 22. exf5 Rxf5 23. Rd5 Rxd5 24. Nxd5 Rd8 25. Nc3 Rd2 26. Rb1 a6 27. Kf1 Rd3 28. Ke2 Rd6 29. Rd1 Rxd1 30. Nxd1 Kf7
31. Nc3 Kg7 32. Kd3 b5 33. a4 bxa4 34. Nxa4 Kf6 35. b4 Ke5 36. Nc5 Kd5 37. Nxa6 Kc6 38. Ke4 Kb5 39. Nc7+ Kxb4 40. Kf4 Kc5
41. Kg5 Kd6 42. Ne8+ Ke7 43. Nf6 Kf7 44. Nxh7 Kg7 45. Nf6 Kf7 46. f4 Kg7 47. f5 Kf7 48. fxg6+
1-0

[Event "The Chicago Bears Tournament ! (Under 1600)"]
[Site "SchemingMind.com"]
[Date "2011.02.12"]
[Round "-"]
[White "BigDaddy"]
[Black "Olli Ylönen"]
[Result "0-1"]
[WhiteCountry "AUT"]
[BlackCountry "FIN"]
[WhiteElo "1393"]
[WhiteRD "64"]
[BlackElo "1642"]
[BlackRD "51"]
[GameID "275435"]

1. e4 e5 2. Nf3 Nc6 3. Bb5 a6 4. Bxc6 dxc6 5. O-O f6 6. Nc3 Bg4 7. h3 Bh5 8. g4 Bf7 9. d4 Bd6 10. Be3 exd4
11. Bxd4 c5 12. Be3 b5 13. a3 Ne7 14. b4 cxb4 15. axb4 Bxb4 16. Qxd8+ Rxd8 17. Bd2 Bxc3 18. Bxc3 Ra8 19. Ba5 c5 20. Rfd1 O-O
21. Rd7 Nc6 22. Rad1 Nxa5 23. e5 fxe5 24. Nxe5 c4 25. Nxf7 Rxf7 26. Rd8+ Rxd8 27. Re1 Rfd7 28. Ra1 Rd1+ 29. Rxd1 Rxd1+ 30. Kg2 Nb3
31. cxb3 cxb3 32. Kg3 b2
0-1

[Event "The Chicago Bears Tournament ! (Under 1600)"]
[Site "SchemingMind.com"]
[Date "2011.02.10"]
[Round "-"]
[White "ampp"]
[Black "BigDaddy"]
[Result "0-1"]
[WhiteCountry "POR"]
[BlackCountry "AUT"]
[WhiteElo "1141"]
[WhiteRD "53"]
[BlackElo "1388"]
[BlackRD "77"]
[GameID "275445"]

1. e4 c5 2. c3 g6 3. Nf3 Bg7 4. d4 cxd4 5. cxd4 d6 6. Nc3 Nf6 7. e5 Ng4 8. h3 Nh6 9. Bd2 dxe5 10. Nxe5 Bxe5
11. dxe5 Nf5 12. Bb5+ Nc6 13. O-O O-O 14. Qe2 Ncd4 15. Qd1 f6 16. Bc4+ Be6 17. Bxe6+ Nxe6 18. exf6 exf6 19. a3 Qb6 20. b4 Rad8
21. Qc2 Ned4 22. Qb2 Rfe8 23. g4 Nf3+ 24. Kh1 N5d4 25. Be3 Qc6
0-1

[Event "The Chicago Bears Tournament ! (Under 1600)"]
[Site "SchemingMind.com"]
[Date "2011.02.14"]
[Round "-"]
[White "ampp"]
[Black "Olli Ylönen"]
[Result "0-1"]
[WhiteCountry "POR"]
[BlackCountry "FIN"]
[WhiteElo "1180"]
[WhiteRD "56"]
[BlackElo "1640"]
[BlackRD "55"]
[GameID "275446"]

1. e4 e6 2. d4 d5 3. e5 c5 4. c3 Nc6 5. Nf3 Qb6 6. Be2 cxd4 7. cxd4 Nh6 8. O-O Nf5 9. Nc3 Nfxd4 10. Nxd4 Qxd4
11. Qxd4 Nxd4 12. Nb5 Nxe2+ 13. Kh1 Kd8 14. Bg5+ Be7 15. Bxe7+ Kxe7 16. Rfe1 Bd7 17. Nc3 Nxc3 18. bxc3 Rhc8 19. Rac1 b5 20. f4 a5
21. g4 b4
0-1

[Event "The Chicago Bears Tournament ! (Under 1600)"]
[Site "SchemingMind.com"]
[Date "2011.02.10"]
[Round "-"]
[White "BigDaddy"]
[Black "ampp"]
[Result "1/2-1/2"]
[WhiteCountry "AUT"]
[BlackCountry "POR"]
[WhiteElo "1393"]
[WhiteRD "64"]
[BlackElo "1172"]
[BlackRD "52"]
[GameID "275447"]

1. e4 d6 2. d4 Nf6 3. Nc3 g6 4. f4 Bg7 5. Nf3 c5 6. Bb5+ Bd7 7. e5 Ng4 8. Bxd7+ Nxd7 9. h3 cxd4 10. Qxd4 dxe5
11. fxe5 Ngxe5 12. Nxe5 Nxe5 13. Qxd8+ Rxd8 14. O-O Nc4 15. b3 Bxc3 16. Rb1 Nb6 17. Be3 Bd4 18. Bxd4 Rxd4 19. c3 Rd6 20. c4 Nc8
21. Rbc1 O-O 22. c5 Rdd8 23. b4 e6 24. Rfe1 a6 25. a4 b6 26. a5 b5 27. c6 Nd6 28. c7 Ra8 29. Red1 Nf5 30. Kf2 Ne7
31. Rd7 Rfe8 32. Rxe7 Rec8 33. Kf3 Kf8 34. Rd7 Ke8 35. Rcd1 h5 36. h4 Kf8 37. Rd8+ Ke7 38. Ke4 Rxd8 39. cxd8=Q+ Rxd8 40. Rc1 f5+
41. Ke5 Rd5+ 42. Kf4 Kf6 43. Rc6 Rd4+ 44. Kg3 Rxb4 45. Rxa6 Rb3+ 46. Kh2 Ra3 47. Kg1 b4 48. Ra8 b3 49. Rb8 Rxa5 50. Rxb3 Ra1+
51. Kf2 Ra2+ 52. Kf3 Ra5 53. Rb4 e5 54. Rb6+ Kg7 55. Re6 Kf7 56. Rc6 e4+ 57. Kf4 Ra1 58. Ke5 e3 59. Rc7+ Ke8 60. Ke6 Rd1
61. Rc8+ Rd8 62. Rc7 e2 63. Rc1 Rd1 64. Rc8+ Rd8 65. Rc1 Rd1=
1/2-1/2

[Event "The Chicago Bears Tournament ! (Under 1600)"]
[Site "SchemingMind.com"]
[Date "2011.02.14"]
[Round "-"]
[White "Olli Ylönen"]
[Black "ampp"]
[Result "1-0"]
[WhiteCountry "FIN"]
[BlackCountry "POR"]
[WhiteElo "1640"]
[WhiteRD "55"]
[BlackElo "1180"]
[BlackRD "56"]
[GameID "275448"]

1. d4 d5 2. Nf3 Bg4 3. Ne5 Bh5 4. g4 Bg6 5. h4 Be4 6. f3 f6 7. fxe4 fxe5 8. dxe5 dxe4 9. Qxd8+ Kxd8 10. Nc3 Nc6
11. Bf4 Nd4 12. O-O-O Ke8 13. Rxd4 e6 14. Bg2 Rd8 15. Rxd8+ Kxd8 16. Bxe4 c6 17. h5 Bb4 18. a3 Bxc3 19. bxc3
1-0

[Event "The Chicago Bears Tournament ! (Under 1600)"]
[Site "SchemingMind.com"]
[Date "2011.02.15"]
[Round "-"]
[White "Ricsige"]
[Black "BigDaddy"]
[Result "0-1"]
[WhiteCountry "AHO"]
[BlackCountry "AUT"]
[WhiteElo "1191"]
[WhiteRD "83"]
[BlackElo "1412"]
[BlackRD "69"]
[GameID "275967"]

1. e4 e5 2. Nc3 Nf6 3. Bc4 Bb4 4. Nge2 Bxc3 5. Nxc3 Nc6 6. d3 a6 7. f4 exf4 8. Bxf4 d6 9. O-O O-O 10. a3 Bg4
11. Qd2 b5 12. Ba2 h6 13. Bxh6 gxh6
0-1

[Event "The Chicago Bears Tournament ! (Under 1600)"]
[Site "SchemingMind.com"]
[Date "2011.02.15"]
[Round "-"]
[White "Ricsige"]
[Black "ampp"]
[Result "0-1"]
[WhiteCountry "AHO"]
[BlackCountry "POR"]
[WhiteElo "1191"]
[WhiteRD "83"]
[BlackElo "1254"]
[BlackRD "57"]
[GameID "275969"]

1. e4 d6 2. Nc3 Nf6 3. Nf3 g6 4. Be2 Bg7 5. O-O O-O 6. d3 c5 7. Rb1 Nc6 8. h4 Bg4 9. Ng5 Bxe2 10. Qxe2 Qd7
11. f4 h6 12. Nh3 e5 13. f5 d5 14. fxg6 fxg6 15. exd5 Nxd5 16. Bd2 Nxc3 17. Bxc3 Nd4 18. Bxd4 cxd4
0-1

[Event "The Chicago Bears Tournament ! (Under 1600)"]
[Site "SchemingMind.com"]
[Date "2011.02.16"]
[Round "-"]
[White "BigDaddy"]
[Black "Ricsige"]
[Result "1-0"]
[WhiteCountry "AUT"]
[BlackCountry "AHO"]
[WhiteElo "1412"]
[WhiteRD "69"]
[BlackElo "1191"]
[BlackRD "83"]
[GameID "275970"]

1. e4 c5 2. Nf3 Nc6 3. d4 cxd4 4. Nxd4 g6 5. Nc3 Bg7 6. Be3 Nf6 7. Bb5 Ng4 8. Qxg4 Nxd4 9. Bxd4 Bxd4 10. O-O O-O
11. Bc4 d5 12. Qe2
1-0

[Event "The Chicago Bears Tournament ! (Under 1600)"]
[Site "SchemingMind.com"]
[Date "2011.02.15"]
[Round "-"]
[White "ampp"]
[Black "Ricsige"]
[Result "0-1"]
[WhiteCountry "POR"]
[BlackCountry "AHO"]
[WhiteElo "1254"]
[WhiteRD "57"]
[BlackElo "1191"]
[BlackRD "83"]
[GameID "275972"]

1. e4 c5 2. c3 d5 3. exd5 Qxd5 4. d4 cxd4 5. cxd4 Nc6 6. Nc3 Qxd4 7. Qxd4 Nxd4 8. Bd3 Nf6 9. Nge2 Nc6 10. O-O e5
11. Bg5 Be7 12. Nb5 Kf8 13. f4 Be6 14. Nc7 Bc5+ 15. Kh1 Rd8 16. Nxe6+ fxe6 17. a3 Rxd3 18. fxe5 Nxe5 19. Nf4 Rd6 20. b4 Bb6
21. Rad1 Ke7 22. Rxd6 Kxd6 23. Bxf6 gxf6 24. h4 Rc8 25. Rd1+ Ke7
0-1

[Event "The Chicago Bears Tournament ! (Under 1600)"]
[Site "SchemingMind.com"]
[Date "2011.02.16"]
[Round "-"]
[White "shaqattack"]
[Black "BigDaddy"]
[Result "1-0"]
[WhiteCountry "ENG"]
[BlackCountry "AUT"]
[WhiteElo "1609"]
[WhiteRD "71"]
[BlackElo "1412"]
[BlackRD "69"]
[GameID "275988"]

1. e4 e5 2. Nf3 Nc6 3. Bb5 Nge7 4. O-O a6 5. Ba4 b5 6. Bb3 Ng6 7. c3 Bb7 8. Re1 Bd6 9. d4 Qe7 10. dxe5 Bxe5
11. Nxe5 Ncxe5 12. Nd2 O-O 13. Nf3 Nxf3+ 14. Qxf3 Ne5 15. Qg3 g6 16. Bh6 Rfd8 17. Rad1 d6 18. Bg5 Qd7 19. Bxd8 Qxd8 20. Qf4 Qe7
21. Re3 g5 22. Rg3 h6 23. h4 g4 24. Qxh6 Bxe4 25. f3 Bg6 26. fxg4 Qf8 27. Qxf8+ Kxf8 28. h5 Be4 29. h6 Re8 30. g5 Ke7
31. Re1 d5 32. Bxd5 Bxd5 33. Rxe5+ Be6 34. g6 fxg6 35. Rxg6 Kd8 36. Rgxe6 Rxe6 37. Rxe6 Kd7 38. Re1
1-0

[Event "The Chicago Bears Tournament ! (Under 1600)"]
[Site "SchemingMind.com"]
[Date "2011.02.18"]
[Round "-"]
[White "shaqattack"]
[Black "Olli Ylönen"]
[Result "0-1"]
[WhiteCountry "ENG"]
[BlackCountry "FIN"]
[WhiteElo "1578"]
[WhiteRD "69"]
[BlackElo "1640"]
[BlackRD "55"]
[GameID "275989"]

1. e4 c6 2. d4 d5 3. e5 Bf5 4. Nf3 e6 5. Be2 Nd7 6. O-O Ne7 7. h3 Bg6 8. Nc3 Nf5 9. a3 c5 10. dxc5 Bxc5
11. Bb5 O-O 12. Bxd7 Qxd7 13. Kh1 a6 14. Ne4 b6 15. Nxc5 bxc5 16. b3 d4 17. a4 a5 18. Ba3 Rac8 19. Qd2 Rfe8 20. Rfe1 h6
21. g4 Ne7 22. Nh4 Qd5+ 23. f3 Nc6 24. Kg2 Nxe5 25. Rxe5 Qxe5 26. Nxg6 fxg6 27. Re1 Qd5 28. Kf2 c4 29. bxc4 Rxc4 30. Re4 Rxa4
31. Bb2 e5 32. c3 Kf8 33. cxd4 exd4 34. Rxd4 Rxd4 35. Bxd4 Kg8 36. Qb2 Rd8 37. Be3 a4 38. h4 Qb3 39. Qa1 a3 40. g5 Qb2+
0-1

[Event "The Chicago Bears Tournament ! (Under 1600)"]
[Site "SchemingMind.com"]
[Date "2011.02.15"]
[Round "-"]
[White "shaqattack"]
[Black "ampp"]
[Result "0-1"]
[WhiteCountry "ENG"]
[BlackCountry "POR"]
[WhiteElo "1554"]
[WhiteRD "76"]
[BlackElo "1141"]
[BlackRD "53"]
[GameID "275990"]

1. e4 d6 2. d4 Nf6 3. Nc3 g6 4. Bg5 Bg7 5. f3 O-O 6. Qd2 c5 7. dxc5 dxc5 8. O-O-O Qxd2+ 9. Rxd2 e5 10. Bxf6 Bxf6
11. Bb5 a6 12. Bc4 Nc6 13. Nd5 Bg7 14. Nb6 Rb8 15. Ne2 Nd4 16. Nxd4 exd4 17. Nxc8 Rbxc8 18. Rhd1 b5 19. Bd5 b4 20. Bc4 a5
21. h4 h5 22. g4 a4 23. gxh5 Kh7 24. hxg6+ fxg6 25. Be2 c4 26. a3 b3 27. cxb3 cxb3+ 28. Kb1 Rfd8 29. Bd3 Bh6 30. Rg2 Rc7
31. e5 Rdc8 32. Rxg6 Rc1+
0-1

[Event "The Chicago Bears Tournament ! (Under 1600)"]
[Site "SchemingMind.com"]
[Date "2011.02.16"]
[Round "-"]
[White "shaqattack"]
[Black "Ricsige"]
[Result "1-0"]
[WhiteCountry "ENG"]
[BlackCountry "AHO"]
[WhiteElo "1578"]
[WhiteRD "69"]
[BlackElo "1410"]
[BlackRD "117"]
[GameID "275991"]

1. e4 c5 2. Nf3 Nc6 3. d4 cxd4 4. Nxd4 g6 5. Nc3 Bg7 6. Be3 Nf6 7. f3 O-O 8. Bc4 Qb6 9. Bb3 Ng4 10. fxg4 Bxd4
11. Bxd4
1-0

[Event "The Chicago Bears Tournament ! (Under 1600)"]
[Site "SchemingMind.com"]
[Date "2011.02.17"]
[Round "-"]
[White "BigDaddy"]
[Black "shaqattack"]
[Result "0-1"]
[WhiteCountry "AUT"]
[BlackCountry "ENG"]
[WhiteElo "1412"]
[WhiteRD "69"]
[BlackElo "1609"]
[BlackRD "71"]
[GameID "275992"]

1. e4 c5 2. Nf3 d6 3. d4 cxd4 4. Nxd4 Nf6 5. Nc3 g6 6. Bb5+ Bd7 7. Bxd7+ Nbxd7 8. Bg5 Bg7 9. Bxf6 Nxf6 10. O-O O-O
11. Nf3 a6 12. h3 Rc8 13. a3 b5 14. Rb1 Qb6 15. Nd5 Nxd5 16. exd5 Rfe8 17. c3 e6 18. dxe6 Rxe6 19. Re1 Rxe1+ 20. Qxe1 Qc6
21. Nd4 Bxd4 22. cxd4 Re8 23. Qd2 Qe4 24. Re1 Qxe1+ 25. Qxe1 Rxe1+ 26. Kh2 Re2 27. f4 Rxb2 28. Kg3 Rb3+ 29. Kg4 Rxa3 30. d5 b4
31. Kg5 b3 32. Kf6 b2 33. Ke7 b1=Q 34. Kxd6 Qb6+
0-1

[Event "The Chicago Bears Tournament ! (Under 1600)"]
[Site "SchemingMind.com"]
[Date "2011.02.18"]
[Round "-"]
[White "Olli Ylönen"]
[Black "shaqattack"]
[Result "1-0"]
[WhiteCountry "FIN"]
[BlackCountry "ENG"]
[WhiteElo "1640"]
[WhiteRD "55"]
[BlackElo "1578"]
[BlackRD "69"]
[GameID "275993"]

1. e4 c5 2. Nf3 d6 3. d4 cxd4 4. Nxd4 Nf6 5. Nc3 g6 6. Be3 Bg7 7. f3 a6 8. Qd2 Nc6 9. O-O-O h6 10. h4 b5
11. Nxc6 Qc7 12. Nb4 Bb7 13. Nbd5 Nxd5 14. Nxd5 Bxd5 15. Qxd5 O-O 16. a3 Rac8 17. Qd2 e6 18. Bd3 Rb8 19. Bxh6 Bxh6 20. Qxh6 Qe7
21. h5 Qf6 22. hxg6 fxg6 23. Qh7#
1-0

[Event "The Chicago Bears Tournament ! (Under 1600)"]
[Site "SchemingMind.com"]
[Date "2011.02.16"]
[Round "-"]
[White "ampp"]
[Black "shaqattack"]
[Result "0-1"]
[WhiteCountry "POR"]
[BlackCountry "ENG"]
[WhiteElo "1141"]
[WhiteRD "53"]
[BlackElo "1554"]
[BlackRD "76"]
[GameID "275994"]

1. e4 c5 2. c3 d6 3. d4 cxd4 4. cxd4 Nf6 5. Nc3 g6 6. Nf3 Bg7 7. Bd3 O-O 8. O-O a6 9. Bd2 Nc6 10. Qc1 Bg4
11. Be2 Bxf3 12. Bxf3 Nxd4 13. Qd1 Nxf3+ 14. Qxf3 b5 15. b4 Rc8 16. Rfc1 d5 17. Bg5 dxe4 18. Qf4 h6 19. Bxh6 Rc4 20. Bxg7 Kxg7
21. Rab1 Rh8 22. Nxe4 Rxe4 23. Qf3 Qd6 24. h3 Rf4 25. Qe2 Ne4 26. f3 Qd4+ 27. Kh2 Ng5 28. g3 Nxh3 29. Kg2 Rf6 30. Rd1 Nf4+
31. gxf4 Qxf4 32. Rd7 Qh2+ 33. Kf1 Qh1+
0-1

[Event "The Chicago Bears Tournament ! (Under 1600)"]
[Site "SchemingMind.com"]
[Date "2011.02.16"]
[Round "-"]
[White "Ricsige"]
[Black "shaqattack"]
[Result "0-1"]
[WhiteCountry "AHO"]
[BlackCountry "ENG"]
[WhiteElo "1191"]
[WhiteRD "83"]
[BlackElo "1609"]
[BlackRD "71"]
[GameID "275995"]

1. d4 Nf6 2. c4 e6 3. Nc3 Bb4 4. f3 Bxc3+ 5. bxc3 O-O 6. e4 a6 7. Bd3 d6 8. Ne2 Nbd7 9. O-O Rb8 10. Bg5 h6
11. Bh4 b5 12. cxb5 axb5
0-1

[Event "The Chicago Bears Tournament ! (Under 1600)"]
[Site "SchemingMind.com"]
[Date "2011.02.16"]
[Round "-"]
[White "lumamo66"]
[Black "BigDaddy"]
[Result "0-1"]
[WhiteCountry "ESP"]
[BlackCountry "AUT"]
[WhiteElo "1514"]
[WhiteRD "87"]
[BlackElo "1401"]
[BlackRD "73"]
[GameID "276006"]

1. e4 e5 2. f4 exf4 3. Nf3 g5 4. h3 Nc6 5. d4 Nf6 6. Nxg5 Bh6 7. Qh5 Nxh5 8. Nf3 Qe7 9. Nc3 Ng3 10. Nd5 Qxe4+
11. Be2 Qxe2#
0-1

[Event "The Chicago Bears Tournament ! (Under 1600)"]
[Site "SchemingMind.com"]
[Date "2011.02.18"]
[Round "-"]
[White "lumamo66"]
[Black "Olli Ylönen"]
[Result "1-0"]
[WhiteCountry "ESP"]
[BlackCountry "FIN"]
[WhiteElo "1545"]
[WhiteRD "85"]
[BlackElo "1607"]
[BlackRD "51"]
[GameID "276007"]

1. e4 c6 2. f4 d5 3. e5 Bf5 4. Bd3 Bxd3 5. cxd3 e6 6. Nf3 Nh6 7. O-O Nf5 8. d4 b5 9. Qc2 Be7 10. a4 O-O
11. axb5 cxb5 12. b3 Qb6 13. Bb2 Nc6 14. Qd3 Ncxd4 15. Nxd4 Bc5 16. Kh1 Nxd4 17. Bc3 Nxb3 18. Ra2 Bd4 19. Bb4 Rfc8 20. Qxb3 a5
21. Bc3 a4 22. Qb2 Bxc3 23. Nxc3 Rab8 24. Rb1 Qd4 25. Rxa4 Qc5 26. Rb4 h6 27. Qc2 Qf2 28. h3 d4 29. Ne4 Rxc2 30. Nxf2 Rxd2
31. Ne4 Rc2 32. Rxd4 Rbc8 33. Kh2 R2c4 34. Nd6 Rxd4 35. Nxc8 Rxf4 36. Rxb5 f6 37. exf6 gxf6 38. Ne7+ Kh7 39. Rb7 h5 40. Nd5+
1-0

[Event "The Chicago Bears Tournament ! (Under 1600)"]
[Site "SchemingMind.com"]
[Date "2011.02.16"]
[Round "-"]
[White "lumamo66"]
[Black "shaqattack"]
[Result "0-1"]
[WhiteCountry "ESP"]
[BlackCountry "ENG"]
[WhiteElo "1545"]
[WhiteRD "85"]
[BlackElo "1609"]
[BlackRD "71"]
[GameID "276008"]

1. e4 c5 2. f4 d6 3. Nf3 Nf6 4. e5 dxe5 5. fxe5 Nd5 6. Bc4 e6 7. O-O a6 8. a4 Be7 9. d3 O-O 10. Nc3 Nxc3
11. bxc3 Bd7 12. d4 cxd4 13. cxd4 Bc6 14. c3 Bxf3 15. Qxf3 Nc6 16. Bf4 Rc8 17. Rad1 Nxe5 18. dxe5 Qb6+ 19. Kh1 Rxc4 20. Rd7 Ba3
21. Be3 Qc6 22. Rxb7 Qxf3 23. Rxf3 Rxc3 24. Ra7 Bc5 25. Rc7 Rxe3 26. h3 Rxf3 27. gxf3 Bb4 28. f4 a5 29. Kg2 h5 30. Kg3 f5
31. exf6 Rxf6 32. Rc4 Kh7 33. Re4 Kh6 34. Re5 Rg6+ 35. Kf3 h4 36. Re4 Rg3+ 37. Kf2 Rxh3 38. Rxe6+ g6 39. f5 Rh2+ 40. Kf3 Rh3+
41. Kg4 Rg3+ 42. Kf4 Bd2+ 43. Ke4 Re3+ 44. Kd5 Rxe6 45. Kxe6 h3 46. f6 Bb4
0-1

[Event "The Chicago Bears Tournament ! (Under 1600)"]
[Site "SchemingMind.com"]
[Date "2011.02.16"]
[Round "-"]
[White "lumamo66"]
[Black "ampp"]
[Result "0-1"]
[WhiteCountry "ESP"]
[BlackCountry "POR"]
[WhiteElo "1514"]
[WhiteRD "87"]
[BlackElo "1180"]
[BlackRD "56"]
[GameID "276009"]

1. e4 d6 2. f4 g6 3. Be2 Nf6 4. d3 Bg7 5. e5 dxe5 6. fxe5 Nfd7 7. d4 e6 8. Nf3 c5 9. O-O cxd4 10. Qxd4 Nc6
11. Qf4 Ncxe5 12. Nxe5 Nxe5 13. b3 O-O 14. Bb2 b6 15. Bxe5 Bxe5 16. Qxe5 a5 17. Bf3 Rb8 18. Qxb8 Qd4+ 19. Kh1 Qxa1 20. Qxb6 Qxa2
21. Qc7 a4 22. bxa4 Qxa4 23. c4 Ba6 24. Nc3 Qb4 25. Nb5 Bxb5 26. cxb5 Qxb5 27. h3 Qxf1+ 28. Kh2 Qb1 29. h4 Qb8 30. Qg3 Qxg3+
31. Kxg3 f5 32. Kf4 Kg7 33. Ke5 Kf7 34. Bc6 Ke7 35. Bf3 Rd8 36. g4 Rf8 37. gxf5 Rxf5+ 38. Ke4 Rxf3 39. Kxf3 Kf6 40. Kf4 e5+
41. Kg4 h5+ 42. Kf3 Kf5 43. Kg3 e4 44. Kf2 Kg4 45. Ke3 Kxh4 46. Kxe4 Kg4 47. Ke3 Kg3 48. Ke2 Kg2 49. Ke3 h4 50. Kf4 h3
51. Kg5 h2 52. Kxg6 h1=Q 53. Kf5 Qe1 54. Kf4 Qe6 55. Kg5 Kg3 56. Kh5 Qf5+ 57. Kh6 Kg4 58. Kg7 Kh5 59. Kh8 Kg6 60. Kg8 Qf7+
61. Kh8 Qg7#
0-1

[Event "The Chicago Bears Tournament ! (Under 1600)"]
[Site "SchemingMind.com"]
[Date "2011.02.20"]
[Round "-"]
[White "BigDaddy"]
[Black "lumamo66"]
[Result "0-1"]
[WhiteCountry "AUT"]
[BlackCountry "ESP"]
[WhiteElo "1393"]
[WhiteRD "64"]
[BlackElo "1557"]
[BlackRD "89"]
[GameID "276011"]

1. e4 e5 2. Nf3 Nc6 3. Bb5 d6 4. Bxc6+ bxc6 5. Nc3 Ba6 6. d3 g6 7. h3 Nf6 8. Bg5 Bg7 9. Bxf6 Qxf6 10. O-O O-O
11. Qd2 Qf4 12. Rad1 Bc8 13. Qxf4 exf4 14. Rfe1 Be6 15. Ng5 a5 16. Nxe6 fxe6 17. d4 e5 18. dxe5 Bxe5 19. f3 a4 20. a3 h5
21. Rc1 Rfb8 22. Rb1 Rxb2 23. Rbc1 Bxc3 24. Re2 Ra2 25. Kh2 Rxa3 26. Rb1 c5 27. Rb7 Ba5 28. c4 Rc3 29. Reb2 Bb6 30. Re2 Rxc4
31. e5 d5 32. e6 Kf8 33. e7+ Ke8 34. Re6 Kf7 35. g4 h4 36. e8=Q+ Rxe8 37. Rxe8 Kxe8 38. Rb8+ Kf7 39. Rh8 a3 40. Ra8 Rc2+
41. Kg1 c4+ 42. Kf1 a2 43. Ke1 Rc1+ 44. Kd2 a1=Q
0-1

[Event "The Chicago Bears Tournament ! (Under 1600)"]
[Site "SchemingMind.com"]
[Date "2011.02.20"]
[Round "-"]
[White "Olli Ylönen"]
[Black "lumamo66"]
[Result "1-0"]
[WhiteCountry "FIN"]
[BlackCountry "ESP"]
[WhiteElo "1669"]
[WhiteRD "50"]
[BlackElo "1541"]
[BlackRD "92"]
[GameID "276012"]

1. Nf3 c5 2. c4 Nf6 3. Nc3 e6 4. g3 Be7 5. Bg2 O-O 6. O-O b6 7. Ne5 d6 8. Bxa8 dxe5 9. Bg2 Qc7 10. e4 Bb7
11. a3 Nc6 12. Nb5 Qd8 13. d3 a6 14. Nc3 Nd4 15. h4 Qd7 16. Qa4 b5 17. cxb5 axb5 18. Qd1 h6 19. f4 Bd6 20. fxe5 Bxe5
21. Bf4 Bc7 22. e5 Bxg2 23. Kxg2 Nd5 24. Nxd5 Qxd5+ 25. Kh2 Bxe5 26. Bxe5 Qxe5 27. Qe1 Qd5 28. Qe4 Qb3 29. Rab1 f5 30. Qe3 Qd5
31. Rf2 Qb3 32. Rc1 Qd5 33. Rff1 Rf6 34. Rc3 Qd6 35. Kh3 Kh7 36. Re1 f4 37. gxf4 Rxf4 38. Qe5 Rf3+ 39. Kg4 Qf8 40. Rxc5 h5+
41. Qxh5+ Kg8 42. Qe5 Rf5 43. Qxd4
1-0

[Event "The Chicago Bears Tournament ! (Under 1600)"]
[Site "SchemingMind.com"]
[Date "2011.02.20"]
[Round "-"]
[White "ampp"]
[Black "lumamo66"]
[Result "0-1"]
[WhiteCountry "POR"]
[BlackCountry "ESP"]
[WhiteElo "1180"]
[WhiteRD "56"]
[BlackElo "1514"]
[BlackRD "87"]
[GameID "276014"]

1. d4 Nf6 2. Bg5 h6 3. Bxf6 exf6 4. e4 d5 5. exd5 Qxd5 6. Nc3 Qa5 7. Nf3 Bb4 8. Be2 Bxc3+ 9. bxc3 Qxc3+ 10. Kf1 O-O
11. Bd3 Bg4 12. h3 Bxf3 13. Qe1 Qxe1+ 14. Kxe1 Bxg2 15. Rg1 Bxh3 16. Rb1 b6 17. Be4 c6 18. Rg3 Be6 19. Rd1 f5 20. Bd3 f4
21. Rf3 Bg4
0-1

[Event "The Chicago Bears Tournament ! (Under 1600)"]
[Site "SchemingMind.com"]
[Date "2011.02.16"]
[Round "-"]
[White "CortexContusion"]
[Black "lumamo66"]
[Result "1-0"]
[WhiteCountry "USA"]
[BlackCountry "ESP"]
[WhiteElo "1646"]
[WhiteRD "88"]
[BlackElo "1514"]
[BlackRD "87"]
[GameID "276042"]

1. d4 e6 2. e4 d5 3. Nc3 Bb4 4. e5 f6 5. Bd3 Nc6 6. Qh5+ g6 7. Bxg6+ Ke7 8. Bd3 Nxd4 9. Qg4 c5 10. Qg7+ Ke8
11. Qxh8 Kf7 12. Qxh7+ Kf8 13. Qh8 f5 14. Bh6+ Ke8 15. Qxg8+ Kd7 16. Qxd8+ Kxd8 17. Kd1 c4 18. Bf1 Bd7 19. Be3 Nc6 20. Nge2 Kc7
21. Nd4 Bc5 22. Nxc6 Kxc6 23. h4 Rh8 24. h5 Be8 25. h6 Bf8 26. Bg5 b5 27. a3 a5 28. Be2 Bg6 29. Bh5 Bh7 30. Bf7 b4
31. Ne2 Kd7 32. Bf6
1-0

[Event "The Chicago Bears Tournament ! (Under 1600)"]
[Site "SchemingMind.com"]
[Date "2011.02.16"]
[Round "-"]
[White "CortexContusion"]
[Black "BigDaddy"]
[Result "1-0"]
[WhiteCountry "USA"]
[BlackCountry "AUT"]
[WhiteElo "1606"]
[WhiteRD "118"]
[BlackElo "1388"]
[BlackRD "77"]
[GameID "276043"]

1. e4 c5 2. Nf3 d6 3. d4 cxd4 4. Nxd4 Nf6 5. Nc3 e5 6. Bb5+ Bd7 7. Bxd7+ Nbxd7 8. Nf5 Nc5 9. Bg5 g6 10. Nd5 Bg7
11. Nxg7+ Kf8 12. Bxf6 Qa5+ 13. b4 Qb6 14. Nxb6
1-0

[Event "The Chicago Bears Tournament ! (Under 1600)"]
[Site "SchemingMind.com"]
[Date "2011.02.18"]
[Round "-"]
[White "CortexContusion"]
[Black "Olli Ylönen"]
[Result "0-1"]
[WhiteCountry "USA"]
[BlackCountry "FIN"]
[WhiteElo "1646"]
[WhiteRD "88"]
[BlackElo "1640"]
[BlackRD "55"]
[GameID "276044"]

1. d4 d5 2. c4 e6 3. Nc3 Nf6 4. Nf3 c6 5. e3 Nbd7 6. Bd3 dxc4 7. Bxc4 b5 8. Bd3 Bb7 9. O-O a6 10. Ne4 c5
11. Nxc5 Nxc5 12. dxc5 Bxc5 13. Qe2 O-O 14. e4 h6 15. h3 Qe7 16. e5 Nd7 17. Be3 Bxf3 18. Qxf3 Nxe5 19. Qe4 Nxd3 20. Qxd3 Bxe3
21. Qxe3 Qg5 22. Qb6 Rfb8 23. Qc6 Rc8 24. Qf3 Ra7 25. Rad1 Rac7 26. Qe3 Qxe3 27. fxe3 Rc2 28. Rb1 Re2 29. Rf3 Rcc2 30. Rg3 Rxb2
31. Rxb2 Rxb2
0-1

[Event "The Chicago Bears Tournament ! (Under 1600)"]
[Site "SchemingMind.com"]
[Date "2011.02.16"]
[Round "-"]
[White "CortexContusion"]
[Black "shaqattack"]
[Result "1-0"]
[WhiteCountry "USA"]
[BlackCountry "ENG"]
[WhiteElo "1606"]
[WhiteRD "118"]
[BlackElo "1554"]
[BlackRD "76"]
[GameID "276045"]

1. e4 c5 2. Nf3 d6 3. d4 cxd4 4. Nxd4 Nf6 5. Nc3 a6 6. Be3 Nc6 7. Be2 g6 8. O-O Bg7 9. a3 O-O 10. Nd5 Nxd5
11. exd5 Nxd4 12. Bxd4 Bxd4 13. Qxd4 b5 14. Rfe1 Re8 15. Bg4 Bxg4 16. Qxg4 Rc8 17. Re2 Rc4 18. Qf3 Qc7 19. Rc1 a5 20. c3 b4
21. axb4 axb4 22. Rec2 b3 23. Re2 Ra8 24. Rce1 f6 25. Rxe7 Ra1 26. Qxf6 Rxe1+ 27. Rxe1 Qc8 28. Re7 Qf8 29. Qe6+ Kh8 30. Re8 Qxe8
31. Qxe8+ Kg7 32. Qe7+ Kh6 33. h4
1-0